[Event "Gibraltar Masters 18th"]
[Site "Caleta"]
[Date "2020.01.29"]
[Round "9"]
[White "Mammadzada, Gunay Vuqar Qizi"]
[Black "Beinoras, Mindaugas"]
[Result "0-1"]
[WhiteElo "2455"]
[BlackElo "2355"]
[PlyCount "78"]
[EventDate "2020.01.21"]
[EventType "swiss"]
[EventRounds "10"]
[EventCountry "GGB"]
[SourceTitle "CBM 194 Extra"]
[Source "ChessBase"]
[SourceDate "2020.03.31"]
[SourceVersion "1"]
[SourceVersionDate "2020.03.31"]
[SourceQuality "1"]

1. d4 d5 2. c4 c6 3. Nf3 dxc4 4. Qc2 Nf6 5. Qxc4 Bf5 6. g3 Nbd7 7. Bg2 e6 8. 0-0 h6 9. Nbd2 Be7 10. Qb3 Qb6 11. Nc4 Qxb3 12. axb3 Be4 13. Bf4 Nd5 14. Bd2 Nc7 15. Rfe1 Nb5 16. e3 Bd5 17. Ra5 Be4 18. Ra4 c5 19. Ra5 a6 20. Bc3 f6 21. dxc5 Nxc5 22. Nd4 Nxc3 23. bxc3 Bxg2 24. Kxg2 Kf7 25. e4 Rac8 26. Nb6 Rc7 27. Re3 Rd8 28. e5 f5 29. Nc4 Ne4 30. Ne2 Bc5 31. Rf3 b5 32. b4 Be7 33. Na3 Rc6 34. Nd4 Rxd4 35. cxd4 Bxb4 36. Rxb5 axb5 37. Nxb5 Rb6 38. Nc7 Rb7 39. Na6 Be7 0-1

[Event "Gibraltar Masters 18th"]
[Site "Caleta"]
[Date "2020.01.25"]
[Round "5"]
[White "Beinoras, Mindaugas"]
[Black "Baron, Tal"]
[Result "1/2-1/2"]
[WhiteElo "2355"]
[BlackElo "2529"]
[PlyCount "75"]
[EventDate "2020.01.21"]
[EventType "swiss"]
[EventRounds "10"]
[EventCountry "GGB"]
[SourceTitle "CBM 194 Extra"]
[Source "ChessBase"]
[SourceDate "2020.03.31"]
[SourceVersion "1"]
[SourceVersionDate "2020.03.31"]
[SourceQuality "1"]

1. d4 Nf6 2. c4 g6 3. Nc3 d5 4. cxd5 Nxd5 5. Bd2 Bg7 6. e4 Nxc3 7. Bxc3 0-0 8. Bc4 c5 9. d5 Nd7 10. Nf3 Nb6 11. Qd3 Bxc3+ 12. Qxc3 Nxc4 13. Qxc4 e6 14. 0-0 exd5 15. exd5 b6 16. Rad1 Bb7 17. Qf4 Kg7 18. Ng5 Rc8 19. Rfe1 Rc7 20. Qe5+ Kg8 21. Ne4 f6 22. Qe6+ Kh8 23. d6 Rd7 24. Nc3 Bc6 25. Re3 f5 26. Nd5 Bxd5 27. Qxd5 Re8 28. Re6 Rxe6 29. Qxe6 Kg7 30. h4 Kf8 31. h5 Qe8 32. Qf6+ Qf7 33. Qh8+ Qg8 34. Qe5 Qg7 35. Qe6 Qf7 36. Qe5 Qg7 37. Qe6 Qf7 38. Qe5 1/2-1/2

[Event "London Classic op 11th"]
[Site "London"]
[Date "2019.12.05"]
[Round "8"]
[White "Beinoras, Mindaugas"]
[Black "Russell, Christopher"]
[Result "1-0"]
[WhiteElo "2350"]
[BlackElo "2190"]
[PlyCount "47"]
[EventDate "2019.11.29"]
[EventType "swiss"]
[EventRounds "9"]
[EventCountry "ENG"]
[SourceTitle "CBM 193 Extra"]
[Source "ChessBase"]
[SourceDate "2020.01.31"]
[SourceVersion "1"]
[SourceVersionDate "2020.01.31"]
[SourceQuality "1"]

1. d4 e6 2. c4 Nf6 3. Nc3 Bb4 4. f3 c5 5. d5 b5 6. Nh3 bxc4 7. e4 0-0 8. Bxc4 exd5 9. Bxd5 Nxd5 10. Qxd5 Ba6 11. Be3 Qb6 12. Kf2 Bxc3 13. bxc3 Qb2+ 14. Kg3 Nc6 15. Bxc5 Qxc3 16. Bxf8 Rxf8 17. Rac1 Qf6 18. Rhd1 Re8 19. Qxd7 Qe5+ 20. f4 Qxe4 21. Qxc6 Qe2 22. Ng1 Re3+ 23. Nf3 g5 24. fxg5 1-0

[Event "LTU-ch"]
[Site "Kaunas"]
[Date "2018.03.03"]
[Round "2"]
[White "Sciupokas, Arunas"]
[Black "Beinoras, Mindaugas"]
[Result "0-1"]
[WhiteElo "1955"]
[BlackElo "2347"]
[PlyCount "118"]
[EventDate "2018.03.02"]
[EventType "swiss"]
[EventRounds "9"]
[EventCountry "LTU"]
[SourceTitle "CBM 183 Extra"]
[Source "ChessBase"]
[SourceDate "2018.04.19"]
[SourceVersion "1"]
[SourceVersionDate "2018.04.19"]
[SourceQuality "1"]

1. e4 e5 2. Nf3 Nc6 3. Bb5 f5 4. d3 fxe4 5. dxe4 Nf6 6. 0-0 Bd6 7. Nc3 0-0 8. Bg5 Qe8 9. Bxf6 Rxf6 10. Bc4+ Kh8 11. Nd5 Rf8 12. Ne3 Bc5 13. Nd5 Bd6 14. Ne3 Qd8 15. Nf5 Bc5 16. Qd2 d6 17. Ng5 Qf6 18. Ng3 Bg4 19. Kh1 h6 20. f3 Bd7 21. Nh3 Nd4 22. Ng1 b5 23. Bd5 c6 24. Bb3 Rad8 25. Rad1 Bc8 26. N3e2 Nxb3 27. axb3 b4 28. c4 bxc3 29. bxc3 d5 30. Qc2 a5 31. Nc1 Ba6 32. Rfe1 Bb6 33. c4 dxc4 34. bxc4 Qe6 35. c5 Bc7 36. Nge2 Bb5 37. Ng3 a4 38. Qb2 Qc4 39. Qa3 Ba5 40. Rg1 Bb4 41. Qa1 Qxc5 42. Na2 Ba5 43. Nf5 Rfe8 44. h3 Bd2 45. Nc1 g6 46. Qa2 Bg5 47. h4 gxf5 48. hxg5 Qe7 49. exf5 hxg5 50. g4 Kg7 51. Kg2 e4 52. Qb2+ Qf6 53. Qxf6+ Kxf6 54. fxe4 Rxd1 55. Rxd1 Rxe4 56. Kg3 Re3+ 57. Kf2 Rc3 58. Ke1 Ke5 59. Kd2 Rg3 0-1

[Event "London Classic Superblitz KO"]
[Site "London"]
[Date "2017.12.10"]
[Round "2.2"]
[White "Beinoras, Mindaugas"]
[Black "Melkumyan, Hrant"]
[Result "1/2-1/2"]
[WhiteElo "2353"]
[BlackElo "2633"]
[PlyCount "204"]
[EventDate "2017.12.10"]
[EventType "k.o. (blitz)"]
[EventRounds "6"]
[EventCountry "ENG"]
[SourceTitle "CBM 182 Extra"]
[Source "ChessBase"]
[SourceDate "2018.02.23"]
[SourceVersion "1"]
[SourceVersionDate "2018.02.23"]
[SourceQuality "1"]

1. d4 d5 2. c4 e6 3. Nc3 Nf6 4. Nf3 c5 5. cxd5 Nxd5 6. e3 cxd4 7. exd4 Nxc3 8. bxc3 Qc7 9. c4 Bb4+ 10. Bd2 Bxd2+ 11. Qxd2 0-0 12. Bd3 h6 13. 0-0 Nd7 14. Rac1 Rd8 15. Qe3 Nf6 16. Bb1 b6 17. Ne5 Bb7 18. f3 Rac8 19. Rfd1 Qd6 20. Qd3 Rc7 21. Kh1 Kf8 22. Qe3 Rcc8 23. Rd2 Kg8 24. Rcd1 Qe7 25. Qd3 Kf8 26. Qe3 a6 27. Qb3 b5 28. cxb5 Bd5 29. Qa4 axb5 30. Qxb5 Kg8 31. Qd3 Ra8 32. Rb2 Qa3 33. Qd2 Rdc8 34. h3 Qc3 35. Qf2 Qa3 36. Rbd2 Rab8 37. Ng4 Nxg4 38. hxg4 Qe7 39. Be4 Rd8 40. Kg1 Ra8 41. Rb1 Ra5 42. Rbb2 Qa7 43. Bb1 Ra3 44. Qh4 Rb8 45. Rxb8+ Qxb8 46. Qe1 Rc3 47. Be4 Bxe4 48. Qxe4 Rc1+ 49. Kf2 Qb4 50. Qd3 g6 51. a3 Qb6 52. Ke2 Rg1 53. Kf2 Rb1 54. Kg3 Rb3 55. Qe4 Qd6+ 56. Qf4 Qxf4+ 57. Kxf4 Rxa3 58. Ke5 Ra5+ 59. Kf6 e5 60. d5 Kf8 61. d6 Ra6 62. Kxe5 Ke8 63. Kf6 h5 64. gxh5 gxh5 65. Kg5 Ra5+ 66. Kf6 Ra6 67. Rd5 h4 68. Rd4 Rb6 69. Kg5 Rb2 70. Rg4 Rd2 71. Re4+ Kf8 72. Kxh4 Rxd6 73. g4 Ra6 74. Kg5 Kg7 75. f4 Ra5+ 76. f5 Ra6 77. Rd4 Rb6 78. Kf4 Rb1 79. Rd6 Rb4+ 80. Kg5 Rb5 81. Kh5 Ra5 82. Rd2 Rb5 83. Rf2 Rb1 84. Kg5 f6+ 85. Kf4 Rb4+ 86. Kg3 Ra4 87. Rb2 Ra1 88. Rb7+ Kf8 89. Kf4 Ra4+ 90. Kf3 Ra3+ 91. Ke4 Ra4+ 92. Kd5 Rxg4 93. Ke6 Ra4 94. Rb6 Kg7 95. Rb7+ Kf8 96. Rf7+ Kg8 97. Rxf6 Ra6+ 98. Ke5 Ra5+ 99. Kf4 Kg7 100. Rb6 Ra1 101. Kg5 Rg1+ 102. Kf4 Rf1+ 1/2-1/2

[Event "LTU-ch"]
[Site "Vilnius"]
[Date "2016.05.02"]
[Round "5"]
[White "Pultinevicius, Paulius"]
[Black "Beinoras, Mindaugas"]
[Result "1-0"]
[WhiteElo "2248"]
[BlackElo "2351"]
[PlyCount "65"]
[EventDate "2016.04.29"]
[EventType "tourn"]
[EventRounds "9"]
[EventCountry "LTU"]
[EventCategory "5"]
[SourceTitle "CBM 172 Extra"]
[Source "ChessBase"]
[SourceDate "2016.06.21"]
[SourceVersion "1"]
[SourceVersionDate "2016.06.21"]
[SourceQuality "1"]

1. d4 d5 2. c4 dxc4 3. e3 Be6 4. Nf3 c6 5. a4 Nf6 6. a5 c5 7. Be2 cxd4 8. Nxd4 Bd5 9. 0-0 e5 10. Nf3 Bd6 11. Nc3 Bc6 12. Nd2 Qc7 13. Nxc4 Be7 14. Nb6 axb6 15. axb6 Qxb6 16. Rxa8 0-0 17. Bb5 Qc5 18. Qa4 Nd5 19. Nxd5 Bxd5 20. Rd1 Nc6 21. Rxf8+ Bxf8 22. Bd2 Be6 23. Bc3 Na7 24. Bd3 Nc6 25. Be4 f5 26. Bb1 b5 27. Qa6 Qc4 28. Bd3 Qb3 29. Rc1 Bc4 30. Bc2 Nb4 31. Bxb3 Nxa6 32. Bxc4+ bxc4 33. Bxe5 1-0

[Event "LTU-chT"]
[Site "Lithuania"]
[Date "2016.04.03"]
[Round "7.2"]
[White "Rimeikis, Andrius"]
[Black "Beinoras, Mindaugas"]
[Result "1-0"]
[WhiteElo "2130"]
[BlackElo "2350"]
[PlyCount "175"]
[EventDate "2016.01.23"]
[EventType "team-swiss"]
[EventRounds "7"]
[EventCountry "LTU"]
[SourceTitle "EXT 2017"]
[Source "ChessBase"]
[SourceDate "2016.10.25"]
[SourceVersion "1"]
[SourceVersionDate "2016.10.25"]
[SourceQuality "1"]
[WhiteTeam "Plunge Bokstas"]
[BlackTeam "Kaunas Margiris"]
[WhiteTeamCountry "LTU"]
[BlackTeamCountry "LTU"]

1. e4 e5 2. Nc3 Nf6 3. g3 d5 4. exd5 Nxd5 5. Bg2 Nxc3 6. bxc3 Nc6 7. Rb1 Bc5 8. Ne2 0-0 9. 0-0 Re8 10. d3 Bb6 11. c4 Nd4 12. Nc3 c6 13. h3 Ba5 14. Ne2 Nf5 15. Bb2 f6 16. Ba3 Qc7 17. Bb4 Bxb4 18. Rxb4 b6 19. Qd2 Be6 20. Re1 Rad8 21. Qc3 Bd7 22. Rbb1 Kh8 23. Qd2 Bc8 24. Qc1 Bb7 25. Nc3 Nd4 26. Ne2 Ne6 27. Qa3 Ba8 28. Qc1 Qc8 29. Nc3 Bb7 30. Kh2 Qa8 31. Re3 Nd4 32. Rb2 Qc8 33. Ne4 h6 34. c5 Qc7 35. Nd6 Rf8 36. c3 Ne6 37. Nxb7 Qxb7 38. cxb6 axb6 39. d4 Ng5 40. h4 Nf7 41. Qb1 exd4 42. cxd4 b5 43. Qg6 Nd6 44. Rbe2 Qf7 45. Qxf7 Nxf7 46. Bxc6 Nd6 47. d5 Kg8 48. Kg2 Rf7 49. Rb3 Nf5 50. Re8+ Rxe8 51. Bxe8 Ra7 52. Rxb5 Nd6 53. Rb8 Nxe8 54. Rxe8+ Kf7 55. Re2 Ra5 56. Rd2 Ke7 57. d6+ Kd7 58. Kf3 h5 59. Ke4 g6 60. Kf3 Ra3+ 61. Ke2 Ra5 62. Kd1 g5 63. hxg5 fxg5 64. Ke2 Ra3 65. Kf1 Ra5 66. Kg2 Ra3 67. Rd5 h4 68. g4 h3+ 69. Kg1 Rxa2 70. Rxg5 h2+ 71. Kxh2 Rxf2+ 72. Kg3 Rd2 73. Rg6 Ke8 74. g5 Kf7 75. Rf6+ Kg7 76. Kf4 Rd5 77. Kg4 Kh7 78. Re6 Kg7 79. Kf4 Kf7 80. Rf6+ Kg7 81. Ke4 Rd1 82. Ke5 Re1+ 83. Kd5 Rd1+ 84. Kc6 Rc1+ 85. Kb7 Rb1+ 86. Kc8 Rc1+ 87. Kd8 Rc5 88. d7 1-0

[Event "LTU-ch sf"]
[Site "Vilnius"]
[Date "2016.03.09"]
[Round "5"]
[White "Juknis, Paulius"]
[Black "Beinoras, Mindaugas"]
[Result "1/2-1/2"]
[WhiteElo "2163"]
[BlackElo "2350"]
[PlyCount "46"]
[EventDate "2016.03.06"]
[EventType "swiss"]
[EventRounds "8"]
[EventCountry "LTU"]
[SourceTitle "CBM 171 Extra"]
[Source "ChessBase"]
[SourceDate "2016.04.26"]
[SourceVersion "1"]
[SourceVersionDate "2016.04.26"]
[SourceQuality "1"]

1. e4 e5 2. Nf3 Nc6 3. d4 exd4 4. Nxd4 g6 5. Nc3 Bg7 6. Be3 Nf6 7. g3 Ng4 8. Qxg4 Nxd4 9. Qd1 Nc6 10. Bg2 0-0 11. 0-0 d6 12. f4 Re8 13. Bf2 f5 14. Re1 Be6 15. Qd2 Qd7 16. Nd5 Kh8 17. c3 Qf7 18. exf5 Bxf5 19. h3 a6 20. Kh2 h5 21. Rad1 Rad8 22. c4 Bc8 23. b3 Bf5 1/2-1/2

[Event "LTU-ch sf"]
[Site "Vilnius"]
[Date "2016.03.06"]
[Round "1"]
[White "Bucinskas, Lukas"]
[Black "Beinoras, Mindaugas"]
[Result "0-1"]
[WhiteElo "1890"]
[BlackElo "2350"]
[PlyCount "86"]
[EventDate "2016.03.06"]
[EventType "swiss"]
[EventRounds "8"]
[EventCountry "LTU"]
[SourceTitle "CBM 171 Extra"]
[Source "ChessBase"]
[SourceDate "2016.04.26"]
[SourceVersion "1"]
[SourceVersionDate "2016.04.26"]
[SourceQuality "1"]

1. c4 e5 2. Nc3 Nf6 3. d3 d5 4. cxd5 Nxd5 5. g3 Be7 6. Bg2 Nb6 7. Nf3 Nc6 8. 0-0 0-0 9. h4 h6 10. a3 Re8 11. b4 Bf8 12. Bb2 a5 13. b5 Nd4 14. a4 Bg4 15. Nh2 Bc8 16. Ne4 Be6 17. Nd2 Bd5 18. Nhf3 Nxf3+ 19. Nxf3 f6 20. Bc3 Nd7 21. e4 Bf7 22. d4 Bd6 23. Qc2 Qe7 24. Nh2 exd4 25. Bxd4 Nc5 26. Bxc5 Bxc5 27. Rac1 Bb6 28. Kh1 Qb4 29. Rb1 Qc4 30. Rfc1 Qxc2 31. Rxc2 Rad8 32. Re1 Bb3 33. Rb2 Bxa4 34. e5 Bd4 35. Ra2 Bb3 36. Ra3 a4 37. Bxb7 Rxe5 38. Rb1 Bxf2 39. Raxb3 axb3 40. Rxb3 Re3 41. Rxe3 Bxe3 42. Kg2 Rd2+ 43. Kf3 Bc5 0-1

[Event "LTU-chT"]
[Site "Lithuania"]
[Date "2016.01.23"]
[Round "1.2"]
[White "Martinkus, Rolandas"]
[Black "Beinoras, Mindaugas"]
[Result "0-1"]
[WhiteElo "2158"]
[BlackElo "2350"]
[PlyCount "50"]
[EventDate "2016.01.23"]
[EventType "team-swiss"]
[EventRounds "7"]
[EventCountry "LTU"]
[SourceTitle "CBM 170 Extra"]
[Source "ChessBase"]
[SourceDate "2016.02.25"]
[SourceVersion "1"]
[SourceVersionDate "2016.02.25"]
[SourceQuality "1"]
[WhiteTeam "Marijampole Mantinga"]
[BlackTeam "Kaunas Margiris"]
[WhiteTeamCountry "LTU"]
[BlackTeamCountry "LTU"]

1. Nf3 d5 2. g3 g6 3. c4 dxc4 4. Na3 Bg7 5. Nxc4 Nc6 6. d3 e5 7. Bg5 Nge7 8. Qd2 h6 9. Be3 Be6 10. Na5 Nxa5 11. Qxa5 0-0 12. Bg2 b6 13. Qa4 c5 14. 0-0 Bd5 15. Bd2 c4 16. Bc3 cxd3 17. exd3 Nc6 18. Rfe1 Re8 19. Re2 Qd6 20. Rae1 Re6 21. d4 exd4 22. Rxe6 fxe6 23. Bxd4 Nxd4 24. Nxd4 Bxg2 25. Nxe6 Bc6 0-1

[Event "London Classic op 7th"]
[Site "London"]
[Date "2015.12.11"]
[Round "9"]
[White "Andersen, Mads"]
[Black "Beinoras, Mindaugas"]
[Result "1/2-1/2"]
[WhiteElo "2459"]
[BlackElo "2344"]
[PlyCount "65"]
[EventDate "2015.12.04"]
[EventType "swiss"]
[EventRounds "9"]
[EventCountry "ENG"]
[SourceTitle "CBM 169 Extra"]
[Source "ChessBase"]
[SourceDate "2015.12.18"]
[SourceVersion "1"]
[SourceVersionDate "2015.12.18"]
[SourceQuality "1"]

1. Nf3 d5 2. c4 d4 3. b4 f6 4. Na3 e5 5. Nc2 c5 6. bxc5 Bxc5 7. d3 Nc6 8. g3 Nge7 9. Bg2 0-0 10. Rb1 Qc7 11. Nd2 Ng6 12. 0-0 Be6 13. Nb3 Bd6 14. e3 dxe3 15. Nxe3 Rad8 16. Qe2 b6 17. Bb2 Qd7 18. Rfd1 Rfe8 19. Qf3 Rc8 20. Qh5 Bc5 21. Nxc5 bxc5 22. Be4 Nce7 23. Bg2 Nf5 24. Nxf5 Bxf5 25. h3 Ne7 26. Kh2 Qa4 27. Qe2 Nc6 28. Bc3 Nd4 29. Bxd4 exd4 30. Bd5+ Kh8 31. Qf3 Bg6 32. Rd2 Qa5 33. Qd1 1/2-1/2

[Event "London Classic op 7th"]
[Site "London"]
[Date "2015.12.07"]
[Round "5"]
[White "Beinoras, Mindaugas"]
[Black "Vanheirzeele, Daniel"]
[Result "1-0"]
[WhiteElo "2344"]
[BlackElo "2138"]
[PlyCount "53"]
[EventDate "2015.12.04"]
[EventType "swiss"]
[EventRounds "9"]
[EventCountry "ENG"]
[SourceTitle "CBM 169 Extra"]
[Source "ChessBase"]
[SourceDate "2015.12.18"]
[SourceVersion "1"]
[SourceVersionDate "2015.12.18"]
[SourceQuality "1"]

1. d4 e6 2. c4 Nf6 3. Nf3 b6 4. g3 Ba6 5. Qc2 Bb4+ 6. Nbd2 Bb7 7. Bg2 Be4 8. Qb3 Bxd2+ 9. Bxd2 0-0 10. 0-0 d6 11. Rfd1 Nbd7 12. Bh3 Re8 13. Rac1 Qe7 14. Nh4 Bb7 15. f3 e5 16. Nf5 Qf8 17. dxe5 Rxe5 18. e4 Nc5 19. Qe3 Ree8 20. Bc3 Ncd7 21. Qg5 Ne5 22. Bg2 Re6 23. b3 Nfd7 24. f4 h6 25. Qh4 Ng6 26. Qg4 Nf6 27. Bxf6 1-0

[Event "London Classic op 7th"]
[Site "London"]
[Date "2015.12.06"]
[Round "4"]
[White "Compton, Alistair"]
[Black "Beinoras, Mindaugas"]
[Result "0-1"]
[WhiteElo "2061"]
[BlackElo "2344"]
[PlyCount "78"]
[EventDate "2015.12.04"]
[EventType "swiss"]
[EventRounds "9"]
[EventCountry "ENG"]
[SourceTitle "CBM 169 Extra"]
[Source "ChessBase"]
[SourceDate "2015.12.18"]
[SourceVersion "1"]
[SourceVersionDate "2015.12.18"]
[SourceQuality "1"]

1. e4 d6 2. d4 Nf6 3. Nc3 e5 4. dxe5 dxe5 5. Qxd8+ Kxd8 6. Bc4 Be6 7. Bxe6 fxe6 8. Nf3 Bd6 9. 0-0 Nc6 10. Re1 Ke7 11. Nb5 a6 12. Nxd6 cxd6 13. Bd2 Rac8 14. c4 Nd4 15. Nxd4 exd4 16. Rac1 e5 17. Bg5 Rc5 18. b3 Rhc8 19. f3 h6 20. Bd2 Nd7 21. Kf1 R5c6 22. Ke2 Nc5 23. Bb4 Ne6 24. Bd2 Kd7 25. Rf1 b5 26. cxb5 axb5 27. Rxc6 Rxc6 28. a4 bxa4 29. bxa4 Rc2 30. g3 Nc5 31. Rb1 Nxa4 32. Rb7+ Rc7 33. Rxc7+ Kxc7 34. f4 Nc5 35. Kf3 d5 36. fxe5 dxe4+ 37. Ke2 Kc6 38. Bb4 Kd5 39. Kd2 h5 0-1